000 00447nam a2200181Ia 4500
001 20198
005 20260306172748.0
008 260306t2007||||xx |||||||||||||| ||spa||
041 _aESP
082 _a343
_bC22 2007
100 _aCalderón Sumarriva, Ana
_eAUT
245 0 _aEl abc del derecho procesal constitucional
260 _c2007
300 _a105 páginas :
_c24 cm.
650 _aGEN
654 _aCDE
942 _cLIB
_dJUS
_fJUS
_2ddc
_n
999 _c20198
_d20198